000 00420pab a2200169 454500
008 180718b2012 xxu||||| |||| 00| 0 eng d
100 _aBanu, Zenab
245 _aRight to food campaign in India
260 _c2012
300 _ap.21-25.
362 _aJan
650 _aRight to food - India
650 _aRight to food
773 _aSouth Asian Journal of Socio-Political Studies
908 _aN
909 _a96949
999 _c96949
_d96949